01502nam a2200205 a 4500008004100000020001500041092001800056100002400074245005700098250004200155260003500197300001100232500010100243505066000344590004701004655001701051942001301068999001501081952020001096161215e1986 spa||||| ||| 00| 0 spa d a9501517624 c808.5l6sBAC1 aBach, Richard93088 aBiplano.bUn vuelo de la imaginacion /cRichard Bach a1a ed.bTraducción Andrés Vergara aBuenos Aires:bVergara;c1986. a192 p. aBach, R. (1986). Biplano. Un vuelo a la imaginación. (1a ed.). Buenos Aires : Vergara editor. aRichard Bach jamás podría escribir un libro sobre vuelos, aunque lo intentara. Si por vuelos se entiende un manual de planos técnicos y ejercicios, de cómo despegar y aterrizar, es obvio ya desde las primeras páginas de este libro, que no es eso lo que el lector obtendrá de la pluma de Bach. si, por el contrario, lo que el lector pretende es airear sus conocimientos, elevarse con Icaro, exponerse plenamente al aire y hacerlo con una inmensa alegría, entonces, sin duda, habrá que ponerse en manos de Richard Bach. Es hombre no "vuela", del mismo modo que su tatarabuelo Johann Sebastian Bach, tampoco "escribia música": la exhalaba.  aDonacion Evelyn Minich. Proyecto 4to libro aCuento93089 2ddccLIT c2276d2276 00102ddc40708FICaBFMbBFMcCRd2016-12-15eDonación Evelyn Minich, 2016l2o808.5 6 BACp3733r2017-11-16s2017-11-16tEj. 1w2016-12-15yLITzProyecto 4to libro. Donación Minich, Evelyn